Χρήση μικρόκοσμων για τη μελέτη του φυτοπλαγκτού : πτυχιακή εργασία
Αποθηκεύτηκε σε:
| Κύριος συγγραφέας: | |
|---|---|
| Συγγραφή απο Οργανισμό/Αρχή: | |
| Μορφή: | Thesis Βιβλίο |
| Γλώσσα: | Greek |
| Δημοσίευση: |
2013
|
| Θέματα: | |
| Διαθέσιμο Online: | http://hdl.handle.net/11610/7178 |
| Ετικέτες: |
Προσθήκη ετικέτας
Δεν υπάρχουν, Καταχωρήστε ετικέτα πρώτοι!
|
MARC
| LEADER | 00000cam a2200000 i 4500 | ||
|---|---|---|---|
| 001 | 1/53750 | ||
| 008 | 140825s2013 gre d | ||
| 035 | |l 10118727 | ||
| 040 | |a GR-MY-UA |b gre |e aacr | ||
| 041 | 0 | |a gre | |
| 082 | 0 | |a 579.81 |2 (22) | |
| 100 | 1 | |a Παρασκουλάκη, Αναστασία. | |
| 245 | 1 | 0 | |a Χρήση μικρόκοσμων για τη μελέτη του φυτοπλαγκτού : |b πτυχιακή εργασία / |c Παρασκουλάκη Αναστασία ; επιβλέπων καθηγητής: Μιχαήλ Καρύδης |
| 260 | |c 2013 | ||
| 300 | |a 83 σ.; |b εικ.; |c 30 εκ. | ||
| 502 | |a Πτυχιακή εργασία – Πανεπιστήμιο Αιγαίου, Λέσβος, 2013. | ||
| 504 | |a Περιλαμβάνει βιβλιογραφία | ||
| 650 | 0 | 0 | |a Phytoplankton |x Research. |
| 650 | 0 | 0 | |a Phytoplankton |x Ecology. |
| 650 | 0 | 0 | |a Dissertations, Academic |z Greece. |
| 700 | 1 | |a Καρύδης, Μιχάλης, |e dgs | |
| 710 | 2 | |a Πανεπιστήμιο Αιγαίου |b Σχολή Περιβάλλοντος |b Τμήμα Επιστημών της Θάλασσας. | |
| 852 | |a INST |b LESVOS |c DIATR |e 20140825 |h 817 |p 005100054667 |q 005100054667 |t DIE |y 23 | ||
| 852 | |a INST |b LESVOS |c DIATR |e 20140825 |h 818 |p 005100054668 |q 005100054668 |t DIE |y 23 | ||
| 856 | |u http://hdl.handle.net/11610/7178 | ||
| 901 | |a BIBL1-2014-2 | ||
| 909 | |a Λ |b 190256 | ||
| 909 | |a Λ |b 190255 | ||
| 924 | |a ΠΑΡΑΣΚΟΥΛΑΚΗ |b ΑΝΑΣΤΑΣΙΑ |y ΛΕΣΒΟΣ |z 2014-01 | ||
| 970 | |a ΤΖΑΦΕΡΗ |b ΕΥΑΓΓΕΛΙΑ |z 2014/08/25 | ||